000 01262nam0a22002651 4500
001 rc\4571060
005 20130416190051.8
021 _aRU
_b[58-22881]
035 _a(NLR Aleph) 008651395
090 _a9004287
_c9004287
100 _a20130416d1958 |||y0rusy50 ca
101 0 _arus
102 _aRU
105 _aa j |||||
200 1 _aУсловия работы и расчет контактной подвески
_eЛекции по дисциплине "Контактная сеть" для студентов IV курса специальности "Электрификация ж.-д. транспорта"
_fМПС СССР. Всесоюз. заоч. ин-т инженеров ж.-д. транспорта ВЗИИТ
210 _aМосква
_cТрансжелдориздат
_d1958
215 _a78 с.
_cчерт.
_d22
300 _aПеред загл. авт.: доц. канд. техн. наук Марквардт Г.Г.
606 _aКонтактные провода (ж.-д.)
_xПодвеска
_jПособия заочные
_2psbo
700 1 _aМарквардт
_bГ. Г.
_gГеоргий Густавович
801 0 _aRU
_bNLR
_gpsbo
801 1 _aRU
_bELAR
_2rusmarc
852 _aNLR
_j58-6/3356
942 _cBOOK
980 _aNB